| 000 | 00650cab a2200241 4500 | ||
|---|---|---|---|
| 001 | ABS52336 | ||
| 008 | 090401t1995 xxu||||| |||| 00| 0 eng d | ||
| 035 | _a(Sirsi) u73659 | ||
| 041 | _aeng | ||
| 100 | _aSamuels, A. | ||
| 245 | _aEnforcement notices | ||
| 260 | _c1995 | ||
| 350 | _a0 | ||
| 490 |
_aSolicitors` Journal _v139(6) 17 February 1995, 138-140(3) |
||
| 520 | _aA practical guide to the law of enforcement notices. Case law. | ||
| 650 | _aAPPEALS | ||
| 650 | _aENFORCEMENT NOTICES | ||
| 650 | _aLIMITATION PERIODS | ||
| 650 | _aPLANNING CONTROL | ||
| 690 | _aPLANNING LAW AND PRACTICE | ||
| 942 | _n0 | ||
| 948 | _c04/03/1997 | ||
| 999 |
_c46517 _d46517 |
||